| 000 | 00374pab a2200145 454500 | ||
|---|---|---|---|
| 008 | 180718b1988 xxu||||| |||| 00| 0 eng d | ||
| 100 | _aHegde, Ramakrishna | ||
| 245 | _aFinancial assistance to the state constitutional position | ||
| 260 | _c1988 | ||
| 300 | _a5-8,12 | ||
| 362 | _a13 Mar. | ||
| 650 | _aFederal Aid - India - Karnataka | ||
| 773 | _aJanata | ||
| 909 | _a8296 | ||
| 999 |
_c8296 _d8296 |
||